00408pab a2200157 454500008004000000100001500040245008000055260000900135300001300144362001100157650001100168650002100179650002000200650001000220773002000230180718b2015 xxu||||| |||| 00| 0 eng d aAjit Kumar aNIFTEM experiment for harnessing educated youths energy for nation building c2015 ap.89-93. a18 May aNIFTEM aHigher education aNation building aYouth aUniversity News